Cuisine en toute occasion.
Saved in:
| Format: | Journal |
|---|---|
| Language: | French |
| Published: |
Paris:
Femmes d'aujourd'hui,
1973-
|
| Subjects: | |
| Tags: |
Add Tag
No Tags, Be the first to tag this record!
|
| LEADER | 00582nas a22001935u 4500 | ||
|---|---|---|---|
| 001 | 007789237-2 | ||
| 005 | 20140313163043.0 | ||
| 008 | 980514d197319uufr wr p 0||| 0fre d | ||
| 035 | 0 | |a ocn873076551 | |
| 245 | 1 | 0 | |a Cuisine en toute occasion. |
| 260 | |a Paris: |b Femmes d'aujourd'hui, |c 1973- | ||
| 310 | |a Weekly | ||
| 362 | 1 | |a Began with No. 1 (1973). | |
| 588 | |a Description based on: No. 1 (1973); title from cover. | ||
| 588 | |a Latest issue consulted: No. 32 (1973). | ||
| 650 | 0 | |a Cooking |z France |v Periodicals. | |
| 650 | 0 | |a Cooking, French |v Periodicals. | |
| 988 | |a 20020608 | ||
| 906 | |0 MH | ||


